00685nam a22001937a 4500010001500000020002600015035001400041037001300055082001000068100002300078245007200101260003100173270003800204300002100242500005300263942002400316999001900340952013200359 aENG-120530 a9788179261040c250.00 aEN-104062 bDBAD/PUB a509.2 aRoy, Biman Chandra aStar man :bthe universe of stephen hawking /cby Biman Chandra Roy aKolkatabBest books c2016 a1A College Row, bKolKatae700009 a208p.b21cm(Hb). a Includes bibliographical references and index  2ddccENh509.2mROY c144256d144256 001040708NFICaAVbAVd2017-09-11eDBAD/PUBg250.00l0o509.2 ROYpEN-104062r2017-09-11 00:00:00t1v250.00w2017-09-11yEN